000 00522nam a2200205Ia 4500
001 13437
003 GE_BSU
008 181216s||||||||xx |||||||||||||| ||und||
020 _a9780002199124
040 _cGE_BSU
080 _a59
100 _aAttenborouch,David
245 4 _aThe Trials of life: A natural history of Animal Behavior
260 _aLondon
260 _bCollins/BBC Books
260 _c1990
300 _a320p.26cm.
653 _aThe Trials of life: A natural history of Animal Behavior
942 _cBK
999 _c46597
_d46597